MARC

LEADER 00000nam0a2200000 4500
001 354008
005 20241016105714.0
010 |a 5212002427 
035 |a (RuTPU)RU\TPU\retro\11266 
090 |a 354008 
100 |a 20200611d1989 m y0rusy50 ca 
101 0 |a rus 
102 |a RU 
105 |a a z 001zb 
200 1 |a Отец. Жизнь Льва Толстого  |f А. Л. Толстая  |g под ред. Т. В. Громовой 
210 |a Москва  |c Книга  |d 1989 
215 |a 503 с.  |c ил. 
320 |a Примечания: с. 488-489 
320 |a Список литературы: с. 490-501 
600 1 |a Толстой  |g Лев Николаевич  |f 1829-1910  |c граф  |c русский писатель  |c член-корреспондент, почетный академик Петербургской АН  |b Л. Н.  |2 stltpush  |3 (RuTPU)RU\TPU\pers\497 
600 1 |a Толстая  |b А. Л.  |g Александра Львовна  |c русская писательница, графиня  |f 1884-1979  |c общественный деятель  |c дочь Л. Н. Толстого  |2 stltpush  |3 (RuTPU)RU\TPU\pers\6857 
606 1 |a Русская литература, дореволюционная  |x История и критика  |2 stltpush  |3 (RuTPU)RU\TPU\subj\26372  |9 50315 
610 1 |a литературоведение 
610 1 |a биографии 
610 1 |a воспоминания 
610 1 |a дневники 
610 1 |a русские писатели 
675 |a 8Р1(092)  |v 4 
700 1 |a Толстая  |b А. Л.  |c русская писательница, графиня  |c общественный деятель  |c дочь Л. Н. Толстого  |f 1884-1979  |g Александра Львовна  |7 ca  |8 rus  |2 stltpush  |3 (RuTPU)RU\TPU\pers\6857  |4 070  |9 1264 
702 1 |a Громова  |b Т. В.  |4 340 
801 1 |a RU  |b 63413507  |c 20200611 
801 2 |a RU  |b 63413507  |c 20210520  |g RCR 
942 |c BK